| 000 -CABECERA |
| Longitud fija campo de control |
00918nam a2200229 a 4500 |
| 003 - IDENTIFICADOR DEL NÚMERO DE CONTROL |
| Identificador del número de control |
OSt |
| 005 - FECHA Y HORA DE LA ÚLTIMA TRANSACCIÓN |
| Fecha y hora de la última transacción |
20131227141707.0 |
| 008 - CÓDIGOS DE INFORMACIÓN DE LONGITUD FIJA |
| Códigos de información de longitud fija |
120606s2012 sp a||||||||||001 0 spa|c |
| 020 ## - NÚMERO INTERNACIONAL NORMALIZADO PARA LIBROS |
| Número Internacional Normalizado para Libros (ISBN) |
9788493852412 |
| 040 ## - FUENTE DE LA CATALOGACIÓN |
| Lengua de catalogación |
cat |
| Centro transcriptor |
CDMR |
| 100 1# - PUNTO DE ACCESO PRINCIPAL-NOMBRE DE PERSONA |
| Nombre de persona |
Díaz Dorronsoro, José María |
| 245 10 - MENCIÓN DE TÍTULO |
| Título |
Cambio 16 |
| Resto del título |
: historia y testimonio de la mítica revista de la transición democrática española, en el 40º aniversario de su fundación / |
| Mención de responsabilidad, etc. |
José María Díaz Dorronsoro ; prólogo de Alejandro Muñoz-Alonso ; nota del editor, José Luis Gutiérrez |
| 260 ## - PUBLICACIÓN, DISTRIBUCIÓN, ETC. (PIE DE IMPRENTA) |
| Lugar de publicación, distribución, etc. |
Madrid : |
| Nombre del editor, distribuidor, etc. |
Saber & Comunicación, |
| Fecha de publicación, distribución, etc. |
2012 |
| 300 ## - DESCRIPCIÓN FÍSICA |
| Extensión |
366 p., VIII p. de làm. |
| Otras características físicas |
il. |
| Dimensiones |
23 cm |
| 504 ## - NOTA DE BIBLIOGRAFÍA, ETC |
| Nota de bibliografía, etc. |
Índexs |
| 630 04 - PUNTO DE ACCESO ADICIONAL DE MATERIA - TÍTULO UNIFORME |
| Título uniforme |
Cambio 16 (Revista) |
| 650 04 - PUNTO DE ACCESO ADICIONAL DE MATERIA - TÉRMINO DE MATERIA |
| Término de materia o nombre geográfico como elemento inicial |
Premsa i política |
| Subdivisión geográfica |
Espanya |
| Subdivisión de materia general |
Història |
| Subdivisión cronológica |
1971-1978 |
| 830 #0 - PUNTO DE ACCESO ADICIONAL DE SERIE - TÍTULO UNIFORME |
| Título uniforme |
Leer/Artículo XIX |
| 907 ## - ELEMENTO G DATOS LOCALES, GDL (RLIN) |
| a |
.b52823416 |
| b |
08-06-12 |
| c |
06-06-12 |
| d |
06-06-12 |
| e |
m |
| f |
a |
| g |
- |
| h |
spa |
| i |
sp |
| j |
0 |
| k |
0 |
| 940 ## - |
| T&íacute;tulo uniforme |
<a href="UAB">UAB</a> |
| 942 ## - ENTRADA DE ELEMENTOS AGREGADOS (KOHA) |
| Fuente de clasificaión o esquema |
|
| Koha [por defecto] tipo de item |
Monografies |